| 000 | 00670nam a2200241 a 4500 | ||
|---|---|---|---|
| 999 |
_c932 _d932 |
||
| 008 | 191108r20102011ii ad||g |||| 00| 0 eng d | ||
| 020 |
_a9788132104476 _cRs. 495.00 |
||
| 040 |
_aKO _beng |
||
| 041 | 0 | _aeng | |
| 044 | _aii | ||
| 082 | 0 | 4 |
_223 _a658.4092 _bN817 |
| 100 | 1 | _aNorthouse, Peter G. | |
| 245 | 1 | 0 |
_aLeadership : _bTheory and Practice / _cPeter G. Northouse |
| 250 | _a5th ed. | ||
| 260 |
_aNew Delhi : _bSAGE Publications India Pvt. Ltd. , _c2010, reprinted 2011 |
||
| 300 |
_axvi, 435 p. : _bill. ; _c24 cm. |
||
| 504 | _aIncludes Index. | ||
| 650 | 0 |
_aLeadership _xCase studies |
|
| 650 | 0 | _aLeadership | |
| 904 | _aA_BOSE | ||
| 942 | _cBK | ||